Calcul mental instantané #13 - Statistiques

Statistiques générales
  • Ce quiz a été pris 1 474 fois
  • Le résultat moyen est 12 sur 15
Statistiques - réponses
# Opérations Réponses % Correct
1 51 + 49 100
100%
2 1, 77 + 3,23 5
97%
3 1+2+3+4+5 15
96%
4 5 x 5 25
96%
5 823 x 1000 823000
96%
8 0,333 + 0,666 + 0,001 1
95%
7 30 + 20 + 50 100
95%
6 823 001 - 23 001 800000
95%
9 (25 + 75) x 10 1000
93%
10 12 437 - 2 037 - 400 - 5000 5000
88%
11 36 / 6 6
87%
12 4,472135955 x 4,472135955 20
52%
13 314,86521 + 185,13479 500
49%
14 7 x 7 + 1 50
47%
15 Additionnez les 14 réponses précédentes et ajoutez 370 178 (résultat supérieur à 1,5 million) 2000000
13%
Aucun quiz correspondant
Distribution des résultats
% des personnes avec chaque résultat
Percentile par nombre de réponses
Votre historique - résultats
Vous n’avez pas pris ce quiz